1775 1582 1621 1398 1278 1070 1088 1588 1438 1997 1369 1983 1691 1605 1627 1782 1698 1990 1550 1036 1289 1780 1002 1972 1119 1475 1405 1428 1395 1729 1860 1423 1875 1876 1800 1252 1018 1465 1399 1462 1405 1006 1393 1906 1467 1810 1145 1884 1645 1444 1672 1532 1729 1711 1435 1646 1108 1650 1087 1289 1189 1881 1332 1355 1525 1421 1496 1887 1951 1353 1769 1225 1652 1378 1429 1294 1768 1954 1941 1076 1107 1661 1451 1830 1144 1787 1181 1791 1887 1573 1837 1935 1043 1704 1196 1448 1278 1909 1657 BCNSPRNW ULIB Ver.6.0+V

เปลี่ยนเป็นภาษาไทย

Change to English
 แสดงรายละเอียดบรรณานุกรม
  กลับหน้าหลัก

Brief Record : Get Marc (ISO 2709) : E-mail record : QR code < ปิดหน้าต่าง
LEADER : 00000nam 2200000uu 4500
001    13399120628
003     ULIB
008    020711s2551 th a 000 0 tha d
020    9789742367688
050  4 AC158^bท124ม
100    ทรงกลด บางยี่ขัน
245    หมอก /^cทรงกลด บางยี่ขัน
260    กรุงเทพฯ :^bอะบุ๊ก,^c2551
300    264 หน้า
945    ^p160^l0^i15739
999    ^aทศพร เกษรทอง
รายการนี้ยังไม่มีแท็ก
คุณยังไม่ได้ล็อกอิน คุณสามารถมีกิจกรรมร่วมกับเว็บไซต์ได้ แต่ต้องล็อกอินก่อน ::
  ล็อกอิน

รายการสื่อสารสนเทศ

ลำดับที่ ประเภท เลขเรียก/บาร์โค้ด สถานที่ สถานะ
1. วิทยาศาสตร์การแพทย์ และสุขภาพ
วิทยาศาสตร์การแพทย์ และสุขภาพ
AC158 ท124ม ฉ.1 
  Barcode: 15739
ห้องสมุดวิทยาเขตสวรรค์ประชารักษ์
►หนังสือทั่วไป
บนชั้น

รายการใกล้เคียง
    ผู้แต่ง [ทรงกลด บางยี่ขัน]

BibComment


ยังไม่เคยถูกคอมเมนท์

คอมเมนท์ทรัพยากรรายการนี้
  คอมเมนท์: หมอก ทรงกลด บางย..


 Copyright 2026. Bcnsprnw @Library